=LDR 00000nam 2200000 4500 =001 INLIS000000000025419 =005 20130612123929 =008 ***********************************Ind** =035 ##$$0010-061300000025419 =041 ##$$a Ind =082 ##$$a 750 =090 ##$$a 750, Ham l =100 ##$$a Hambor, R.R =245 ##$$a Lukis kaos, R.Hambor =260 ##$$a 2004 $b Jakarta =300 ##$$a iv, 56 hlm, ilus, 21 cm =650 ##$$a Lukisan =850 ##$$a NBPNMAT